logo

Bir Sreshtho Munshi Abdur Rouf Library
Jhenaidah Cadet College

লাশ '৭৪ / (Record no. 3100)

MARC details
000 -LEADER
fixed length control field 00638nam a2200217 a 4500
001 - CONTROL NUMBER
JCCL Control Number 3100
003 - CONTROL NUMBER IDENTIFIER
JCCL marc code BD-JhCC
005 - DATE AND TIME OF LATEST TRANSACTION
control field 20171114125521.0
008 - FIXED-LENGTH DATA ELEMENTS--GENERAL INFORMATION
fixed length control field 171109s bg |||| |||| 000 0 ben d
035 ## - SYSTEM CONTROL NUMBER
system control number (BD-JhCC)3100
040 ## - CATALOGING SOURCE
Original cataloging agency BD-JhCC
Modifying agency BD-JhCC
041 ## - LANGUAGE CODE
Language code of Book ben
082 ## - DEWEY DECIMAL CLASSIFICATION NUMBER
Classification number 891.442
Author mark and Year ALI 1982
100 ## - MAIN ENTRY--PERSONAL NAME
Personal name আলী, শেখ আকরাম
245 ## - TITLE STATEMENT
Title লাশ '৭৪ /
Statement of responsibility, etc শেখ আকরাম আলী,
260 ## - PUBLICATION, DISTRIBUTION, ETC. (IMPRINT)
Place of publication, distribution, etc ঢাকা :
Name of publisher, distributor, etc বাংলাদেশ শিল্পকলা একাডেমী,
Date of publication, distribution, etc 1982
300 ## - PHYSICAL DESCRIPTION
Pagination 47 p. :
Dimensions 22 cm.
650 ## - SUBJECT ADDED ENTRY--TOPICAL TERM
Topical term or geographic name as entry element Bengali Drama
942 ## - ADDED ENTRY ELEMENTS (KOHA)
Source of classification or shelving scheme Dewey Decimal Classification
Koha item type Books
Holdings
Source of classification or shelving scheme Damaged status Not for loan Home library Current library Shelving location Date of accession Cost, normal purchase price Total Checkouts Full call number Barcode Date last seen Copy number Koha item type
Dewey Decimal Classification     JCC Rouf Library JCC Rouf Library General Stacks 11/09/2017 15.00   891.442 ALI 1982 4870 11/09/2017 C-1 Books

JCC Library | Contacts | JCC Home

Last Update on 23 September 2017
Copyright @ 2017-2020 JCC Rouf Library
Rouf Library, Jhenidah Cadet College (JCC), Bangladesh